000 00522nam a22001817a 4500
003 CEME
005 20210628203253.0
008 210204b xxu||||| |||| 00| 0 eng d
020 _a813150171X
040 _c.
082 _a621.3822 SCH
100 _aSchilling, Robert J , Harris, Sandra L
_964417
245 _aFundamentals of digital signal processing
260 _aINDIA
_bTHOMSON
_c2007
300 _aXIII, 779P
650 _aDIGITAL SIGNAL PROCESSING-USING MATLAB. , DSP USING MATLAB.
_964418
942 _cBK
_2ddc
999 _c572913
_d572913